000 00247nam a22001097a 4500
082 _a900
100 _aPal, B. K.
_979966
245 _aGreat Army Award Winners
260 _aDelhi
_bDiamond Creation
_c2016
650 _aHistory
_979968
942 _cBK
999 _c63498
_d63498